<?xml version="1.0" encoding="UTF-8"?>
<record
    xmlns:xsi="http://www.w3.org/2001/XMLSchema-instance"
    xsi:schemaLocation="http://www.loc.gov/MARC21/slim http://www.loc.gov/standards/marcxml/schema/MARC21slim.xsd"
    xmlns="http://www.loc.gov/MARC21/slim">

  <leader>02800am aa2200361i 44500</leader>
  <controlfield tag="003"> PE-LiUPU</controlfield>
  <controlfield tag="005">20251016153227.0</controlfield>
  <controlfield tag="008">    0205s2002    mx a     rb    000 0 spa d</controlfield>
  <datafield tag="020" ind1=" " ind2=" ">
    <subfield code="a">9683811078</subfield>
  </datafield>
  <datafield tag="035" ind1=" " ind2=" ">
    <subfield code="a">PE-LiUPU000020</subfield>
  </datafield>
  <datafield tag="040" ind1=" " ind2=" ">
    <subfield code="a">PE-LiUPU</subfield>
    <subfield code="b">spa</subfield>
    <subfield code="c">PE-LiUPU</subfield>
    <subfield code="e">rda</subfield>
  </datafield>
  <datafield tag="082" ind1="0" ind2="4">
    <subfield code="a">658.312404</subfield>
    <subfield code="2">23</subfield>
    <subfield code="b">R467e</subfield>
  </datafield>
  <datafield tag="100" ind1=" " ind2=" ">
    <subfield code="a">Reza Trosino, Jes&#xFA;s Carlos,</subfield>
    <subfield code="e">autor.</subfield>
    <subfield code="9">7210</subfield>
  </datafield>
  <datafield tag="245" ind1="1" ind2="0">
    <subfield code="a">El ABC del instructor 2 :</subfield>
    <subfield code="b">y tambi&#xE9;n del facilitador de procesos de grupos, comunitarios, educativos, de formaci&#xF3;n profesional y aprendizaje efectivo : para el 3er milenio /</subfield>
    <subfield code="c">por Jes&#xFA;s Carlos Reza Trosino.</subfield>
  </datafield>
  <datafield tag="250" ind1=" " ind2=" ">
    <subfield code="a">1&#xAA; edici&#xF3;n.</subfield>
  </datafield>
  <datafield tag="264" ind1=" " ind2="1">
    <subfield code="a">M&#xE9;xico, D.F. :</subfield>
    <subfield code="b">Panorama Editorial,</subfield>
    <subfield code="c">2002.</subfield>
  </datafield>
  <datafield tag="300" ind1=" " ind2=" ">
    <subfield code="a">212 p&#xE1;ginas :</subfield>
    <subfield code="b">ilustraciones ;</subfield>
    <subfield code="c">23 cm.</subfield>
  </datafield>
  <datafield tag="336" ind1=" " ind2=" ">
    <subfield code="a">texto</subfield>
    <subfield code="b">txt</subfield>
    <subfield code="2">rdacontent</subfield>
  </datafield>
  <datafield tag="337" ind1=" " ind2=" ">
    <subfield code="a">sin mediaci&#xF3;n</subfield>
    <subfield code="b">n</subfield>
    <subfield code="2">rdamedia</subfield>
  </datafield>
  <datafield tag="338" ind1=" " ind2=" ">
    <subfield code="a">volumen</subfield>
    <subfield code="b">nc</subfield>
    <subfield code="2">rdacarrier</subfield>
  </datafield>
  <datafield tag="500" ind1=" " ind2=" ">
    <subfield code="a">Incluye ejercicios, metodolog&#xED;as participativas y referencias bibliogr&#xE1;ficas.</subfield>
  </datafield>
  <datafield tag="504" ind1=" " ind2=" ">
    <subfield code="a">Incluye bibliograf&#xED;a al final.</subfield>
  </datafield>
  <datafield tag="505" ind1="0" ind2=" ">
    <subfield code="a">Introducci&#xF3;n -- Aceptaci&#xF3;n -- Outdoor training (afuera de la puerta) -- El facilitador l&#xED;der o el l&#xED;der facilitador -- Acerca de la motivaci&#xF3;n -- Paradigmas de la facilitaci&#xF3;n de procesos de aprendizaje -- Acerca de la quinta disciplina -- M&#xE1;s sobre la quinta disciplina de Peter Senge -- El enfoque de sistemas aplicado a la administraci&#xF3;n del aprendizaje -- Perfil de las organizaciones que aprenden -- Plan de desarrollo humano y organizacional -- Competencias laborales -- Formaci&#xF3;n de facilitadores -- Administraci&#xF3;n de aprendizaje efectivo (AAEO) -- Evaluaci&#xF3;n del aprendizaje organizacional (EVAO) -- Elementos b&#xE1;sicos de los grupos T -- Fundamentos del aprendizaje -- Dec&#xE1;logo de sinergia grupal -- An&#xE1;lisis de casos -- Ejercicios grupales (integraci&#xF3;n, comunicaci&#xF3;n, tormentas de ideas, roles, din&#xE1;micas) -- Estilos de comunicaci&#xF3;n -- Realidad y percepci&#xF3;n -- Esperanza fallida -- Programa fundamentos de administraci&#xF3;n (FUA).</subfield>
  </datafield>
  <datafield tag="520" ind1=" " ind2=" ">
    <subfield code="a">Manual pr&#xE1;ctico dirigido a instructores, facilitadores, docentes y formadores de grupos de aprendizaje. Presenta metodolog&#xED;as participativas, din&#xE1;micas grupales, herramientas de evaluaci&#xF3;n y estrategias para la gesti&#xF3;n del aprendizaje en organizaciones y contextos educativos.</subfield>
  </datafield>
  <datafield tag="650" ind1="1" ind2="4">
    <subfield code="a">Instructores</subfield>
    <subfield code="x">Formaci&#xF3;n profesional.</subfield>
    <subfield code="9">7211</subfield>
  </datafield>
  <datafield tag="650" ind1="2" ind2="4">
    <subfield code="a">Educaci&#xF3;n de adultos</subfield>
    <subfield code="x">M&#xE9;todos de ense&#xF1;anza.</subfield>
    <subfield code="9">7212</subfield>
  </datafield>
  <datafield tag="650" ind1="2" ind2="4">
    <subfield code="a">Aprendizaje activo</subfield>
    <subfield code="x">T&#xE9;cnicas de grupo.</subfield>
    <subfield code="9">7213</subfield>
  </datafield>
  <datafield tag="710" ind1=" " ind2=" ">
    <subfield code="a">Panorama Editorial (M&#xE9;xico),</subfield>
    <subfield code="e">editor.</subfield>
    <subfield code="9">7216</subfield>
  </datafield>
  <datafield tag="856" ind1="4" ind2="0">
    <subfield code="u">https://www.panoramaed.com.mx</subfield>
    <subfield code="z">Sitio web de la editorial.</subfield>
  </datafield>
  <datafield tag="942" ind1=" " ind2=" ">
    <subfield code="2">ddc</subfield>
    <subfield code="c">BK</subfield>
  </datafield>
  <datafield tag="980" ind1=" " ind2=" ">
    <subfield code="6">21515</subfield>
    <subfield code="a">ROMINA COBOS Adquisiciones</subfield>
    <subfield code="8">18226</subfield>
    <subfield code="g">Jaime Vilcaz&#xE1;n Jefe de An&#xE1;lisis Documental</subfield>
  </datafield>
  <datafield tag="999" ind1=" " ind2=" ">
    <subfield code="c">63113</subfield>
    <subfield code="d">63112</subfield>
  </datafield>
  <datafield tag="952" ind1=" " ind2=" ">
    <subfield code="r">2025-12-03 00:00:00</subfield>
    <subfield code="l">0</subfield>
    <subfield code="o">658.312404 R467e</subfield>
    <subfield code="p">82825</subfield>
    <subfield code="t">e1</subfield>
    <subfield code="v">15.00</subfield>
    <subfield code="w">2025-10-16</subfield>
    <subfield code="x">FACIHED</subfield>
    <subfield code="y">BK</subfield>
    <subfield code="1">0</subfield>
    <subfield code="2">ddc</subfield>
    <subfield code="5">0</subfield>
    <subfield code="7">0</subfield>
    <subfield code="8">GEN</subfield>
    <subfield code="f">P20</subfield>
    <subfield code="a">BUL</subfield>
    <subfield code="b">BUL</subfield>
    <subfield code="c">GEN</subfield>
    <subfield code="d">2025-03-04</subfield>
    <subfield code="e">DONACION</subfield>
  </datafield>
</record>
